Sacred Word and Sacred Text (Record no. 1368990)

MARC details
000 -LEADER
fixed length control field 00762nam a2200313Ia 4500
008 - FIXED-LENGTH DATA ELEMENTS--GENERAL INFORMATION
fixed length control field 160321s9999||||xx |||||||||||||| ||und||
020 ## - INTERNATIONAL STANDARD BOOK NUMBER
International Standard Book Number 81-7030-326-5
040 ## - CATALOGING SOURCE
Transcribing agency English
082 ## - DEWEY DECIMAL CLASSIFICATION NUMBER
Classification number XI.E/Coward
082 ## - DEWEY DECIMAL CLASSIFICATION NUMBER
Item number BORI-72160
100 ## - MAIN ENTRY--PERSONAL NAME
Personal name Harold G. Coward
245 ## - TITLE STATEMENT
Title Sacred Word and Sacred Text
250 ## - EDITION STATEMENT
Remainder of edition statement First
260 ## - PUBLICATION, DISTRIBUTION, ETC. (IMPRINT)
Place of publication, distribution, etc Delhi
260 ## - PUBLICATION, DISTRIBUTION, ETC. (IMPRINT)
Name of publisher, distributor, etc Sri Satguru Publications
300 ## - PHYSICAL DESCRIPTION
Extent x+222
300 ## - PHYSICAL DESCRIPTION
Dimensions B
300 ## - PHYSICAL DESCRIPTION
Accompanying material Hardbound
530 ## - ADDITIONAL PHYSICAL FORM AVAILABLE NOTE
Availability source R.N.Bhalerao
530 ## - ADDITIONAL PHYSICAL FORM AVAILABLE NOTE
Uniform Resource Identifier <a href="00037154.pdf">00037154.pdf</a>
563 ## - BINDING INFORMATION
Binding note Study
600 ## - SUBJECT ADDED ENTRY--PERSONAL NAME
Personal name Harold G. Coward
630 ## - SUBJECT ADDED ENTRY--UNIFORM TITLE
Uniform title Sacred Word and Sacred Text
650 ## - SUBJECT ADDED ENTRY--TOPICAL TERM
Topical term or geographic name as entry element General Indology
650 ## - SUBJECT ADDED ENTRY--TOPICAL TERM
Topical term or geographic name as entry element Religion
700 ## - ADDED ENTRY--PERSONAL NAME
Personal name Harold G. Coward
730 ## - ADDED ENTRY--UNIFORM TITLE
Uniform title Sacred Word and Sacred Text
942 ## - ADDED ENTRY ELEMENTS (KOHA)
Koha item type Book
Holdings
Withdrawn status Lost status Damaged status Not for loan Home library Current library Date acquired Cost, normal purchase price Total Checkouts Full call number Barcode Date last seen Cost, replacement price Price effective from Koha item type
        Bhandarkar Oriental Research Institute, Pune Bhandarkar Oriental Research Institute, Pune 08/07/1993 200.00   BORI-72160 BORI-72160 03/21/2016 200.00 03/21/2016 Book